| 000 | 01228nam a22003257a 4500 | ||
|---|---|---|---|
| 001 | 718627 | ||
| 003 | OSt | ||
| 005 | 20210426092633.0 | ||
| 008 | 970807s1997 flua bf 001 0 eng | ||
| 010 | _a 97181148 | ||
| 020 | _a1574440969 | ||
| 040 |
_aeng _cDLC _deng _beng |
||
| 041 | _aeng | ||
| 050 | 0 | 0 |
_aRA393 _b.G746 1997 |
| 080 |
_a614 _bG-83 |
||
| 082 | 0 | 0 |
_a362.1/068 _221 |
| 100 | 1 | _aGrieshaber, Larry D. | |
| 245 | 1 | 4 |
_aThe healthcare practitioner's handbook of management / _cLarry D. Grieshaber. _b/ by: St. Lucie Press |
| 260 |
_aBoca Raton, Fla. _bSt. Lucie Press _cc1997. |
||
| 300 |
_axv, 328 p. : _bill. ; _c24 cm. |
||
| 504 | _aIncludes bibliographical references and index. | ||
| 650 | 0 |
_aHealth services administration _xHandbooks, manuals, etc. |
|
| 650 | 0 |
_aPublic Health _9337 |
|
| 650 | 0 |
_aCommunity health services _xHandbooks, manuals, etc. |
|
| 653 | _aსაზოგადოებრივი ჯანდაცვა | ||
| 856 | 4 | 2 |
_3Publisher description _uhttp://www.loc.gov/catdir/enhancements/fy0744/97181148-d.html |
| 906 |
_a7 _bcbu _corignew _d2 _encip _f19 _gy-gencatlg |
||
| 942 |
_2udc _cBK |
||
| 999 |
_c840 _d840 |
||